[Event "Titled Tuesday intern op 11th May"]
[Site "Chess.com INT"]
[Date "2021.05.11"]
[Round "5"]
[White "Lintchevski, Daniil"]
[Black "Pile, Richard"]
[Result "1-0"]
[WhiteElo "2555"]
[BlackElo "2443"]
[PlyCount "65"]
[EventDate "2021.05.11"]
[EventType "swiss (blitz)"]
[EventRounds "11"]
[EventCountry "USA"]
[SourceTitle "CBM 202 Extra"]
[Source "ChessBase"]
[SourceDate "2021.07.31"]
[SourceVersion "1"]
[SourceVersionDate "2021.07.31"]
[SourceQuality "1"]

1. e4 c5 2. Nf3 Nc6 3. d4 cxd4 4. Nxd4 e5 5. Nb5 d6 6. N1c3 a6 7. Na3 Be7 8. Nc4 b5 9. Ne3 Nf6 10. Bd3 0-0 11. 0-0 Be6 12. Ncd5 Na5 13. Bd2 Nc4 14. Bxc4 bxc4 15. Nxf6+ Bxf6 16. Bb4 Be7 17. Nd5 Bxd5 18. Qxd5 Qc7 19. Rfd1 Rab8 20. c3 Rb5 21. Qd2 Rd8 22. a4 Rbb8 23. Qd5 Rdc8 24. g3 Qb7 25. Qxb7 Rxb7 26. Rd5 Rc6 27. Rad1 Kf8 28. Kg2 Ke8 29. f4 f6 30. Kf3 Kd7 31. fxe5 fxe5 32. Rxe5 a5 33. Rxa5 1-0

[Event "Titled Tuesday intern op 11th May"]
[Site "Chess.com INT"]
[Date "2021.05.11"]
[Round "2"]
[White "Pile, Richard"]
[Black "Narayanan, Sunilduth Lyna"]
[Result "1-0"]
[WhiteElo "2443"]
[BlackElo "2624"]
[PlyCount "113"]
[EventDate "2021.05.11"]
[EventType "swiss (blitz)"]
[EventRounds "11"]
[EventCountry "USA"]
[SourceTitle "CBM 202 Extra"]
[Source "ChessBase"]
[SourceDate "2021.07.31"]
[SourceVersion "1"]
[SourceVersionDate "2021.07.31"]
[SourceQuality "1"]

1. e4 e6 2. d4 d5 3. Nd2 c5 4. Ngf3 cxd4 5. Nxd4 Nc6 6. Bb5 Bd7 7. Nxc6 bxc6 8. Bd3 Bd6 9. Qe2 Qc7 10. c4 Ne7 11. Nf3 dxe4 12. Bxe4 0-0 13. 0-0 Rae8 14. Rd1 f5 15. Bc2 c5 16. Qd3 Nc8 17. Bf4 Bxf4 18. Qxd7 Nb6 19. Qxc7 Bxc7 20. a4 a5 21. Ne1 Nxc4 22. Bb3 Nb6 23. Rac1 c4 24. Bxc4 Nxc4 25. Rxc4 Be5 26. Nd3 Rd8 27. Kf1 Rd5 28. Ke2 Rfd8 29. b3 Bf6 30. Rc5 Rxc5 31. Nxc5 Rc8 32. Rc1 Bd4 33. Nd3 Rb8 34. Rc4 e5 35. f4 Rxb3 36. fxe5 Bb6 37. Rc8+ Kf7 38. Rb8 g5 39. Rb7+ Kg6 40. e6 f4 41. e7 Kf7 42. Ne5+ Ke8 43. Nc6 Re3+ 44. Kd2 Bc5 45. Rb8+ Kd7 46. Rd8+ Kxc6 47. e8Q+ Rxe8 48. Rxe8 g4 49. Rg8 h5 50. Rg5 f3 51. gxf3 gxf3 52. Rxh5 Bd6 53. h3 Bc5 54. Kd3 f2 55. Rf5 Kd6 56. h4 Ke6 57. Rf3 1-0

[Event "Titled Tuesday intern op 11th May"]
[Site "Chess.com INT"]
[Date "2021.05.11"]
[Round "4"]
[White "Pile, Richard"]
[Black "Petrovskiy, Vadim"]
[Result "1-0"]
[WhiteElo "2443"]
[BlackElo "2150"]
[PlyCount "81"]
[EventDate "2021.05.11"]
[EventType "swiss (blitz)"]
[EventRounds "11"]
[EventCountry "USA"]
[SourceTitle "CBM 202 Extra"]
[Source "ChessBase"]
[SourceDate "2021.07.31"]
[SourceVersion "1"]
[SourceVersionDate "2021.07.31"]
[SourceQuality "1"]

1. e4 c5 2. Nf3 d6 3. c3 Nf6 4. h3 e6 5. Bd3 Nc6 6. Bc2 Be7 7. 0-0 0-0 8. Re1 e5 9. d4 cxd4 10. cxd4 Bd7 11. Nc3 Rc8 12. d5 Nb4 13. Bb1 b5 14. Be3 a5 15. Nd2 Re8 16. a4 bxa4 17. Nxa4 Rb8 18. Nc3 Qc7 19. Nb3 Ra8 20. Qe2 Reb8 21. Rc1 Qd8 22. Nd2 g6 23. Nc4 Nh5 24. Qd2 f6 25. b3 g5 26. Na4 Ra6 27. Bd3 Nxd3 28. Qxd3 Bb5 29. Nc3 Be8 30. Nxe5 fxe5 31. Qxa6 Rxb3 32. Rab1 Rb4 33. Rxb4 axb4 34. Nb5 Qd7 35. Rc8 Kf7 36. Nc7 Nf6 37. Nxe8 Nxe8 38. Qc6 Qxc6 39. dxc6 b3 40. Rb8 Nf6 41. c7 1-0

[Event "Titled Tuesday intern op 04th May"]
[Site "Chess.com INT"]
[Date "2021.05.04"]
[Round "7"]
[White "Pile, Richard"]
[Black "Svane, Rasmus"]
[Result "0-1"]
[WhiteElo "2443"]
[BlackElo "2615"]
[PlyCount "50"]
[EventDate "2021.05.04"]
[EventType "swiss (blitz)"]
[EventRounds "11"]
[EventCountry "USA"]
[SourceTitle "CBM 202 Extra"]
[Source "ChessBase"]
[SourceDate "2021.07.31"]
[SourceVersion "1"]
[SourceVersionDate "2021.07.31"]
[SourceQuality "1"]

1. e4 c6 2. Nc3 d5 3. Nf3 dxe4 4. Nxe4 Nf6 5. Nxf6+ exf6 6. Bc4 Bd6 7. Qe2+ Be7 8. 0-0 0-0 9. Re1 Bd6 10. h3 Na6 11. d4 Nc7 12. a4 Re8 13. Qd1 Bf5 14. Rxe8+ Qxe8 15. Bd3 Be6 16. Bd2 Qd7 17. Qf1 Rd8 18. Re1 Nd5 19. c3 h6 20. Bc1 Nb6 21. a5 Nd5 22. Bd2 a6 23. b4 Nf4 24. Bc4 Nxh3+ 25. Kh1 Nxf2+ 0-1

[Event "Titled Tuesday intern op 04th May"]
[Site "Chess.com INT"]
[Date "2021.05.04"]
[Round "5"]
[White "Pile, Richard"]
[Black "Visakh, Narayanan Rajeswari"]
[Result "0-1"]
[WhiteElo "2443"]
[BlackElo "2516"]
[PlyCount "50"]
[EventDate "2021.05.04"]
[EventType "swiss (blitz)"]
[EventRounds "11"]
[EventCountry "USA"]
[SourceTitle "CBM 202 Extra"]
[Source "ChessBase"]
[SourceDate "2021.07.31"]
[SourceVersion "1"]
[SourceVersionDate "2021.07.31"]
[SourceQuality "1"]

1. e4 c5 2. Nf3 Nc6 3. Bb5 d6 4. c3 Bd7 5. d4 a6 6. Bxc6 Bxc6 7. 0-0 Bxe4 8. Re1 Bd5 9. Bg5 h6 10. Bh4 g5 11. Bg3 Nf6 12. Nbd2 Bg7 13. dxc5 dxc5 14. Ne5 0-0 15. h4 Be6 16. hxg5 hxg5 17. Qc2 Nh5 18. Ndf3 Nxg3 19. fxg3 Bf6 20. Rad1 Qc7 21. Qc1 g4 22. Ng5 Bxe5 23. Nxe6 fxe6 24. Rd7 Qxd7 25. Rxe5 Rf5 0-1

[Event "Titled Tuesday intern op 06th Apr"]
[Site "Chess.com INT"]
[Date "2021.04.06"]
[Round "1"]
[White "Havanecz, Bianka"]
[Black "Pile, Richard"]
[Result "1-0"]
[WhiteElo "2257"]
[BlackElo "2443"]
[PlyCount "97"]
[EventDate "2021.04.06"]
[EventType "swiss (blitz)"]
[EventRounds "11"]
[EventCountry "USA"]
[SourceTitle "CBM 201 Extra"]
[Source "ChessBase"]
[SourceDate "2021.05.31"]
[SourceVersion "1"]
[SourceVersionDate "2021.05.31"]
[SourceQuality "1"]

1. d4 Nf6 2. c4 e6 3. Nc3 Bb4 4. Qc2 0-0 5. Nf3 c5 6. dxc5 Na6 7. g3 Nxc5 8. Bg2 Nce4 9. 0-0 Bxc3 10. bxc3 d5 11. cxd5 exd5 12. c4 dxc4 13. Ba3 Re8 14. Qxc4 Qa5 15. Bb4 Qh5 16. Rac1 a5 17. Ba3 b5 18. Qc7 Bh3 19. Bb2 b4 20. e3 Bxg2 21. Kxg2 h6 22. h3 Qd5 23. Qc6 Rad8 24. Qxd5 Nxd5 25. Rfd1 Nb6 26. Rxd8 Rxd8 27. Rc7 a4 28. Rb7 Nd5 29. Ne5 Nd6 30. Ra7 a3 31. Bd4 f6 32. Nd3 Nb5 33. Ra4 Nbc3 34. Bxc3 Nxc3 35. Rxb4 Rxd3 36. Rb3 f5 37. Rxa3 Kh7 38. g4 Kg6 39. Rb3 Kg5 40. gxf5 Kxf5 41. Kf3 g5 42. a4 h5 43. a5 g4+ 44. hxg4+ hxg4+ 45. Kg2 Ke4 46. a6 Nd5 47. Rxd3 Kxd3 48. a7 Nb6 49. Kg3 1-0

[Event "Titled Tuesday intern op 30th Mar"]
[Site "Chess.com INT"]
[Date "2021.03.30"]
[Round "1"]
[White "Pile, Richard"]
[Black "Nemeth Junior, Henrique"]
[Result "1-0"]
[WhiteElo "2443"]
[BlackElo "1959"]
[PlyCount "61"]
[EventDate "2021.03.30"]
[EventType "swiss (blitz)"]
[EventRounds "11"]
[EventCountry "USA"]
[SourceTitle "CBM 201 Extra"]
[Source "ChessBase"]
[SourceDate "2021.05.31"]
[SourceVersion "1"]
[SourceVersionDate "2021.05.31"]
[SourceQuality "1"]

1. e4 c5 2. Nf3 e6 3. g3 Nc6 4. Bg2 Nge7 5. 0-0 d5 6. exd5 Nxd5 7. d4 Be7 8. a3 0-0 9. c4 Nf6 10. dxc5 Bxc5 11. b4 Be7 12. Bb2 Qc7 13. Qe2 a5 14. b5 Nb8 15. Nc3 Nbd7 16. Na4 b6 17. Ne5 Bb7 18. Nc6 Bd6 19. Rfd1 Rac8 20. Bd4 Bxc6 21. bxc6 Nc5 22. Bxc5 Bxc5 23. Nxc5 bxc5 24. Rab1 Rb8 25. Rb5 Rxb5 26. cxb5 Qb6 27. a4 Ne8 28. Qe3 Nd6 29. Rc1 Nf5 30. Qxc5 Qc7 31. b6 1-0

[Event "Titled Tuesday intern op 09th Mar"]
[Site "Chess.com INT"]
[Date "2021.03.09"]
[Round "3"]
[White "Le Goff, Ronan"]
[Black "Pile, Richard"]
[Result "1-0"]
[WhiteElo "2288"]
[BlackElo "2443"]
[PlyCount "63"]
[EventDate "2021.03.09"]
[EventType "swiss (blitz)"]
[EventRounds "11"]
[EventCountry "USA"]
[SourceTitle "CBM 201 Extra"]
[Source "ChessBase"]
[SourceDate "2021.05.31"]
[SourceVersion "1"]
[SourceVersionDate "2021.05.31"]
[SourceQuality "1"]

1. d4 Nf6 2. Nf3 e6 3. e3 b6 4. Bd3 Bb7 5. 0-0 c5 6. c4 Be7 7. Nc3 cxd4 8. exd4 d6 9. d5 e5 10. Nh4 g6 11. f4 exf4 12. Bxf4 0-0 13. Bh6 Re8 14. Qf3 Nbd7 15. Ne4 Kh8 16. Qh3 Rg8 17. Ng5 Ne5 18. Rae1 Qe8 19. Rxe5 dxe5 20. Nhf3 Bc5+ 21. Kh1 Bc8 22. Qh4 Nh5 23. Nxe5 Rg7 24. Ngxf7+ Kg8 25. Bxg7 Kxg7 26. Qg5 Be7 27. Qh6+ Kg8 28. Nxg6 Bf6 29. Ne7+ Kxf7 30. Qxh5+ Kxe7 31. Re1+ Kd6 32. Qxe8 1-0

[Event "Titled Tuesday intern op 09th Mar"]
[Site "Chess.com INT"]
[Date "2021.03.09"]
[Round "2"]
[White "Pile, Richard"]
[Black "Juhasz, Agoston Botond"]
[Result "1-0"]
[WhiteElo "2443"]
[BlackElo "2356"]
[PlyCount "79"]
[EventDate "2021.03.09"]
[EventType "swiss (blitz)"]
[EventRounds "11"]
[EventCountry "USA"]
[SourceTitle "CBM 201 Extra"]
[Source "ChessBase"]
[SourceDate "2021.05.31"]
[SourceVersion "1"]
[SourceVersionDate "2021.05.31"]
[SourceQuality "1"]

1. e4 e5 2. Nf3 Nc6 3. Bb5 Bc5 4. c3 a6 5. Bxc6 dxc6 6. Nxe5 Qe7 7. d4 Bd6 8. 0-0 Bxe5 9. dxe5 Qxe5 10. Qd4 Qxd4 11. cxd4 Nf6 12. f3 Be6 13. Bg5 0-0-0 14. Rd1 Rd7 15. Nc3 h6 16. Bxf6 gxf6 17. Kf2 f5 18. Ke3 fxe4 19. Nxe4 Rhd8 20. Rd2 Bd5 21. Nc3 Be6 22. Rad1 a5 23. b3 b5 24. Ne4 Bf5 25. Nc5 Rd5 26. g4 Bg6 27. h4 h5 28. a3 Rh8 29. g5 Re8+ 30. Kf2 Rf5 31. b4 a4 32. Rc1 Rf4 33. Kg3 Rf5 34. Rc3 Re1 35. Nd3 Rf1 36. Ne5 Rg1+ 37. Kh2 Rf1 38. Kg2 Ra1 39. Nxc6 Rf4 40. Kg3 1-0

[Event "Titled Tuesday intern op 02nd Mar"]
[Site "Chess.com INT"]
[Date "2021.03.02"]
[Round "7"]
[White "Gavrilescu, David"]
[Black "Pile, Richard"]
[Result "1/2-1/2"]
[WhiteElo "2476"]
[BlackElo "2443"]
[PlyCount "120"]
[EventDate "2021.03.02"]
[EventType "swiss (blitz)"]
[EventRounds "11"]
[EventCountry "USA"]
[SourceTitle "CBM 201 Extra"]
[Source "ChessBase"]
[SourceDate "2021.05.31"]
[SourceVersion "1"]
[SourceVersionDate "2021.05.31"]
[SourceQuality "1"]

1. e4 c5 2. Nf3 Nc6 3. Bb5 e6 4. Bxc6 bxc6 5. b3 Ne7 6. 0-0 Ng6 7. Bb2 f6 8. d4 d5 9. Nbd2 Bd6 10. c4 0-0 11. exd5 cxd5 12. cxd5 exd5 13. Ba3 cxd4 14. Bxd6 Qxd6 15. Nxd4 Bd7 16. N2f3 Rac8 17. Qd2 Ne5 18. Rac1 a6 19. h3 Rfe8 20. Rfd1 Red8 21. Qa5 Re8 22. a4 h6 23. Rxc8 Rxc8 24. Nh4 Kh8 25. Nhf5 Bxf5 26. Nxf5 Qd7 27. Nd4 Qb7 28. Qd2 Rb8 29. Qe3 Nc6 30. Rd3 Nxd4 31. Qxd4 Qc6 32. g3 Qe6 33. Kg2 Qe4+ 34. Qxe4 dxe4 35. Rd6 Rxb3 36. Rxa6 Rb2 37. Re6 f5 38. g4 Ra2 39. gxf5 Rxa4 40. Kg3 Kg8 41. Kf4 Ra3 42. Kxe4 Rxh3 43. f6 Kf7 44. fxg7 Kxg7 45. f4 Ra3 46. Rb6 Ra7 47. Kf5 Kf7 48. Rxh6 Ra5+ 49. Kg4 Rb5 50. Ra6 Rc5 51. f5 Rc1 52. Kg5 Rg1+ 53. Kf4 Rf1+ 54. Ke5 Re1+ 55. Kd4 Rd1+ 56. Ke3 Rf1 57. Ke4 Re1+ 58. Kf4 Rf1+ 59. Kg4 Rg1+ 60. Kf4 Rf1+ 1/2-1/2

[Event "Titled Tuesday intern op 02nd Mar"]
[Site "Chess.com INT"]
[Date "2021.03.02"]
[Round "5"]
[White "Perez, Maximiliano"]
[Black "Pile, Richard"]
[Result "0-1"]
[WhiteElo "2417"]
[BlackElo "2443"]
[PlyCount "66"]
[EventDate "2021.03.02"]
[EventType "swiss (blitz)"]
[EventRounds "11"]
[EventCountry "USA"]
[SourceTitle "CBM 201 Extra"]
[Source "ChessBase"]
[SourceDate "2021.05.31"]
[SourceVersion "1"]
[SourceVersionDate "2021.05.31"]
[SourceQuality "1"]

1. e4 c5 2. Nf3 Nc6 3. d4 cxd4 4. Nxd4 e6 5. Nc3 Qc7 6. Be3 a6 7. Qf3 Bd6 8. 0-0-0 Be5 9. g3 Nf6 10. Qe2 0-0 11. f4 Bxd4 12. Bxd4 Nxd4 13. Rxd4 e5 14. Rc4 Qb8 15. f5 b5 16. Rb4 Bb7 17. Bg2 Bc6 18. Nd5 Bxd5 19. exd5 Qd6 20. Rh4 Rac8 21. g4 Rc4 22. Rd1 Rfc8 23. Rd2 h6 24. Qf3 Rf4 25. Qg3 Qc5 26. Qe1 d6 27. Rh3 Rxg4 28. Rc3 Rc4 29. Rxc4 Qxc4 30. Kb1 Qf4 31. Rf2 Qxh2 32. a4 bxa4 33. Bf3 Qg3 0-1

[Event "Titled Tuesday intern op 23rd Feb"]
[Site "Chess.com INT"]
[Date "2021.02.23"]
[Round "4"]
[White "Grachev, Boris V"]
[Black "Pile, Richard"]
[Result "1-0"]
[WhiteElo "2619"]
[BlackElo "2443"]
[PlyCount "83"]
[EventDate "2021.02.23"]
[EventType "swiss (blitz)"]
[EventRounds "11"]
[EventCountry "USA"]
[SourceTitle "CBM 200 Extra"]
[Source "ChessBase"]
[SourceDate "2021.03.31"]
[SourceVersion "1"]
[SourceVersionDate "2021.03.31"]
[SourceQuality "1"]

1. d4 Nf6 2. Nf3 e6 3. Bf4 c5 4. e3 cxd4 5. exd4 Be7 6. c3 0-0 7. h3 b6 8. a4 a6 9. Bd3 Bb7 10. 0-0 d6 11. Bh2 Nbd7 12. Re1 Re8 13. Nbd2 Qc7 14. Qe2 Bf8 15. Qf1 g6 16. Ng5 Qc6 17. Nge4 Be7 18. Nxf6+ Nxf6 19. Ne4 Nxe4 20. Bxe4 Qd7 21. Qe2 Bxe4 22. Qxe4 d5 23. Qe3 b5 24. axb5 axb5 25. Be5 Bf8 26. h4 Bg7 27. h5 Ra4 28. h6 Bf8 29. b3 Raa8 30. Qf4 Be7 31. Bf6 Bd6 32. Qe3 Qc7 33. g3 Be7 34. Qf3 Bf8 35. Be5 Qe7 36. Bf6 Qc7 37. Bg5 Be7 38. Rxa8 Rxa8 39. Bxe7 Qxe7 40. Qxd5 Rc8 41. Qxb5 Rxc3 42. d5 1-0

[Event "Titled Tuesday intern op 23rd Feb"]
[Site "Chess.com INT"]
[Date "2021.02.23"]
[Round "3"]
[White "Pile, Richard"]
[Black "Seletsky, Grigory"]
[Result "1-0"]
[WhiteElo "2443"]
[BlackElo "2272"]
[PlyCount "93"]
[EventDate "2021.02.23"]
[EventType "swiss (blitz)"]
[EventRounds "11"]
[EventCountry "USA"]
[SourceTitle "CBM 200 Extra"]
[Source "ChessBase"]
[SourceDate "2021.03.31"]
[SourceVersion "1"]
[SourceVersionDate "2021.03.31"]
[SourceQuality "1"]

1. e4 e6 2. d4 d5 3. Nd2 dxe4 4. Nxe4 Bd7 5. Nf3 Bc6 6. Ned2 Nf6 7. Be2 Be7 8. 0-0 Nbd7 9. a4 0-0 10. Nc4 Bxf3 11. Bxf3 c6 12. a5 Qc7 13. g3 Nd5 14. Re1 Rfe8 15. c3 h6 16. a6 b5 17. Na5 N7b6 18. Bd2 c5 19. Qe2 c4 20. Reb1 Bd6 21. b3 Rab8 22. bxc4 Nxc4 23. Nxc4 Qxc4 24. Qxc4 bxc4 25. Be2 Rxb1+ 26. Rxb1 Nb6 27. Kf1 Rc8 28. h4 Kf8 29. h5 Ke7 30. Bf3 Rb8 31. Bb7 Kd7 32. Ke2 Kc7 33. Ra1 Rxb7 34. axb7 Kxb7 35. g4 Nd5 36. Ra4 Nb6 37. Ra5 f6 38. f4 a6 39. Kf3 Bc7 40. g5 Nd5 41. Ra4 Nb6 42. gxh6 gxh6 43. Ra1 Nd5 44. Rg1 a5 45. f5 exf5 46. Bxh6 a4 47. Bd2 1-0

[Event "La Palma Island op"]
[Site "Santa Cruz de La Palma"]
[Date "2019.08.13"]
[Round "6"]
[White "Kurajica, Bojan"]
[Black "Pile, Richard"]
[Result "1/2-1/2"]
[WhiteElo "2494"]
[BlackElo "2416"]
[PlyCount "40"]
[EventDate "2019.08.09"]
[EventType "swiss"]
[EventRounds "10"]
[EventCountry "ESP"]
[SourceTitle "CBM 191 Extra"]
[Source "ChessBase"]
[SourceDate "2019.09.30"]
[SourceVersion "1"]
[SourceVersionDate "2019.09.30"]
[SourceQuality "1"]

1. d4 Nf6 2. Nf3 e6 3. g3 b5 4. Qd3 b4 5. a3 Ba6 6. Qd1 bxa3 7. b3 Bb7 8. Bg2 c5 9. Bxa3 Na6 10. 0-0 Be7 11. e3 0-0 12. Qe2 Qb6 13. Nbd2 d5 14. Rfc1 Rfc8 15. Ne5 h6 16. c3 Rc7 17. Bb2 Rac8 18. Bf1 Nb8 19. Qb5 Nc6 20. Qxb6 axb6 1/2-1/2

[Event "La Palma Island op"]
[Site "Santa Cruz de La Palma"]
[Date "2019.08.11"]
[Round "3"]
[White "Brito Garcia, Alfredo"]
[Black "Pile, Richard"]
[Result "0-1"]
[WhiteElo "2314"]
[BlackElo "2416"]
[PlyCount "102"]
[EventDate "2019.08.09"]
[EventType "swiss"]
[EventRounds "10"]
[EventCountry "ESP"]
[SourceTitle "CBM 191 Extra"]
[Source "ChessBase"]
[SourceDate "2019.09.30"]
[SourceVersion "1"]
[SourceVersionDate "2019.09.30"]
[SourceQuality "1"]

1. d4 Nf6 2. c4 e6 3. Nf3 b6 4. g3 Ba6 5. Nbd2 Bb4 6. Qa4 c5 7. dxc5 Bxc5 8. Bg2 Bb7 9. 0-0 0-0 10. b4 Be7 11. Bb2 Qc7 12. Rac1 Ne4 13. Nxe4 Bxe4 14. Rfd1 Qb7 15. Be5 Nc6 16. Bd6 Rfd8 17. Nh4 Bxg2 18. Nxg2 Bxd6 19. Rxd6 Qc7 20. Rdd1 d6 21. Qb3 Rac8 22. Ne3 h6 23. Qb2 Qb8 24. h4 a5 25. a3 axb4 26. axb4 b5 27. c5 d5 28. Ra1 d4 29. Nf1 Qb7 30. Ra3 Ne5 31. Qa2 Qe4 32. Nh2 d3 33. exd3 Qxb4 34. Rb3 Qxc5 35. Qb1 Rb8 36. d4 Qd5 37. Rc1 Qxd4 38. Rxb5 Rxb5 39. Qxb5 Nd3 40. Rf1 Qe4 41. Qa5 Rd5 42. Qa8+ Kh7 43. Qa2 Ne1 44. f3 Qe5 45. Qf2 Nd3 46. f4 Qe4 47. Qg2 Qe3+ 48. Kh1 Ne1 49. Qf2 Qe4+ 50. Kg1 Rd1 51. h5 f5 0-1

[Event "La Palma Island op"]
[Site "Santa Cruz de La Palma"]
[Date "2019.08.11"]
[Round "4"]
[White "Pile, Richard"]
[Black "Klimentov, Evgeny"]
[Result "1-0"]
[WhiteElo "2416"]
[BlackElo "2211"]
[PlyCount "119"]
[EventDate "2019.08.09"]
[EventType "swiss"]
[EventRounds "10"]
[EventCountry "ESP"]
[SourceTitle "CBM 191 Extra"]
[Source "ChessBase"]
[SourceDate "2019.09.30"]
[SourceVersion "1"]
[SourceVersionDate "2019.09.30"]
[SourceQuality "1"]

1. e4 c6 2. Nc3 d5 3. Nf3 Bg4 4. h3 Bxf3 5. Qxf3 e6 6. Be2 Nf6 7. d3 Bb4 8. 0-0 0-0 9. Qg3 Kh8 10. Bf4 Nbd7 11. Rfd1 Rc8 12. Bf3 Re8 13. e5 Ng8 14. a3 Be7 15. Bh5 Rf8 16. d4 c5 17. dxc5 Nxc5 18. Rac1 a6 19. Bg4 f5 20. exf6 Nxf6 21. Bf3 Qb6 22. b4 Ncd7 23. Ne2 Rfe8 24. c4 e5 25. Be3 d4 26. c5 Qc7 27. Nxd4 exd4 28. Bf4 Qd8 29. Rxd4 Rc6 30. Bxc6 bxc6 31. Qd3 Qc8 32. Re1 Nd5 33. Bd2 N7f6 34. Qc4 Rd8 35. Bc1 Qb7 36. Qd3 Rf8 37. Bd2 Bd8 38. Qc4 Bc7 39. a4 Rb8 40. Rb1 Nd7 41. Qc2 Be5 42. Re4 Qc7 43. Qc4 Bf6 44. Rbe1 Ne5 45. Qxa6 Rf8 46. Qe2 Qf7 47. Kh1 h6 48. Rxe5 Bxe5 49. Qxe5 Qxf2 50. Bxh6 Rf6 51. Bg5 Rf5 52. Qe8+ Rf8 53. Qh5+ Kg8 54. Qe2 Qg3 55. Bd2 g6 56. Qe6+ Kh7 57. Qxc6 Qd3 58. Qd7+ Kh8 59. Bh6 Qc3 60. Bg7+ 1-0

[Event "La Palma Island op"]
[Site "Santa Cruz de La Palma"]
[Date "2019.08.09"]
[Round "1"]
[White "Mamani Beltran, Daniel"]
[Black "Pile, Richard"]
[Result "0-1"]
[WhiteElo "1817"]
[BlackElo "2416"]
[PlyCount "118"]
[EventDate "2019.08.09"]
[EventType "swiss"]
[EventRounds "10"]
[EventCountry "ESP"]
[SourceTitle "CBM 191 Extra"]
[Source "ChessBase"]
[SourceDate "2019.09.30"]
[SourceVersion "1"]
[SourceVersionDate "2019.09.30"]
[SourceQuality "1"]

1. d4 Nf6 2. c4 e6 3. Nc3 Bb4 4. Qc2 c5 5. e3 Nc6 6. Nf3 0-0 7. Bd3 cxd4 8. exd4 d5 9. cxd5 Qxd5 10. 0-0 Qd8 11. Rd1 h6 12. a3 Bxc3 13. bxc3 b6 14. c4 Ba6 15. d5 exd5 16. cxd5 Bxd3 17. Qxd3 Ne7 18. d6 Ned5 19. Bb2 Re8 20. Be5 Qd7 21. Qb3 Qe6 22. d7 Red8 23. Bxf6 Nxf6 24. Qxe6 fxe6 25. Ne5 Nd5 26. g3 g5 27. Rac1 Kf8 28. f4 gxf4 29. gxf4 Kg7 30. Rxd5 exd5 31. Rc7 Kf6 32. Nc6 Rg8+ 33. Kf2 Ke6 34. d8Q Rgxd8 35. Nxd8+ Rxd8 36. Rxa7 d4 37. Ke2 Kf5 38. Rf7+ Ke4 39. Rf6 Rc8 40. Re6+ Kd5 41. Rxh6 Rc2+ 42. Kd3 Rc3+ 43. Kd2 b5 44. f5 Rxa3 45. f6 Rf3 46. Ke2 Rf4 47. Kd3 Rf3+ 48. Ke2 Rf5 49. Kd3 b4 50. Rh8 Rf3+ 51. Kc2 Rxf6 52. Rb8 Kc5 53. h4 Rf2+ 54. Kd3 Rf3+ 55. Kc2 d3+ 56. Kb3 Rh3 57. Rc8+ Kd4 58. Kxb4 Rh1 59. Rd8+ Ke3 0-1

[Event "Francophone-ch rapid 5th"]
[Site "Cannes"]
[Date "2018.07.15"]
[Round "8"]
[White "Pile, Richard"]
[Black "Giroyan, Gary"]
[Result "1/2-1/2"]
[WhiteElo "2414"]
[BlackElo "2407"]
[PlyCount "75"]
[EventDate "2018.07.14"]
[EventType "swiss (rapid)"]
[EventRounds "13"]
[EventCountry "FRA"]
[SourceTitle "CBM 185 Extra"]
[Source "ChessBase"]
[SourceDate "2018.07.29"]
[SourceVersion "1"]
[SourceVersionDate "2018.07.29"]
[SourceQuality "1"]

1. Nf3 c5 2. e4 Nc6 3. Bb5 g6 4. Nc3 Bg7 5. 0-0 Nd4 6. Nxd4 cxd4 7. Ne2 e6 8. c3 a6 9. Bd3 dxc3 10. dxc3 Ne7 11. Bf4 d5 12. Qc1 h6 13. Rd1 g5 14. Be3 Qc7 15. Ng3 Bd7 16. Bd4 Be5 17. exd5 Nxd5 18. Be4 0-0-0 19. Bxe5 Qxe5 20. Bxd5 exd5 21. Re1 Qd6 22. Qe3 Rhe8 23. Qa7 f5 24. Ne2 f4 25. Nd4 g4 26. Nb3 f3 27. g3 h5 28. Qc5+ Qxc5 29. Nxc5 Re2 30. Rxe2 fxe2 31. Re1 Re8 32. Nb3 Bf5 33. Nd4 Bd3 34. Nb3 Bc4 35. Nd4 Bd3 36. Nb3 Bc4 37. Nd4 a5 38. Nf5 1/2-1/2

[Event "FRA-ch Blitz"]
[Site "Orsay"]
[Date "2018.05.12"]
[Round "8.2"]
[White "Pile, Richard"]
[Black "Fressinet, Laurent"]
[Result "0-1"]
[WhiteElo "2481"]
[BlackElo "2722"]
[PlyCount "108"]
[EventDate "2018.05.12"]
[EventType "swiss (blitz)"]
[EventRounds "17"]
[EventCountry "FRA"]
[SourceTitle "EXT 2019"]
[Source "ChessBase"]
[SourceDate "2018.10.10"]
[SourceVersion "1"]
[SourceVersionDate "2018.10.10"]
[SourceQuality "1"]

1. Nf3 Nf6 2. g3 b6 3. Bg2 Bb7 4. 0-0 g6 5. c4 Bg7 6. Nc3 0-0 7. d4 Ne4 8. Nxe4 Bxe4 9. b3 c5 10. Bb2 Nc6 11. e3 d5 12. Qe2 cxd4 13. exd4 e6 14. Rfd1 Rc8 15. Ne5 Bxg2 16. Kxg2 dxc4 17. bxc4 Nxe5 18. dxe5 Qc7 19. Rac1 Rfd8 20. Qe4 Bf8 21. Bd4 Qc6 22. Qxc6 Rxc6 23. Be3 Rdc8 24. Rd7 R6c7 25. Rcd1 h6 26. h4 Kg7 27. Kf3 Be7 28. Ke2 h5 29. R1d3 Kf8 30. Rxc7 Rxc7 31. Rd4 Ke8 32. Bg5 Rc5 33. f4 Ra5 34. Rd2 Bxg5 35. hxg5 Ra3 36. Kf2 Rc3 37. Rd4 Rc2+ 38. Kf3 Rxa2 39. Ke3 Ra3+ 40. Kf2 Rb3 41. Rd2 Rc3 42. Ra2 a5 43. Rb2 Rxc4 44. Rxb6 a4 45. Ra6 Rc2+ 46. Kf3 Rc3+ 47. Kg2 a3 48. Ra7 Rc2+ 49. Kh3 a2 50. Ra8+ Kd7 51. Ra7+ Kc6 52. Ra8 Kb5 53. Rb8+ Ka4 54. Ra8+ Kb3 0-1

[Event "FRA-chT Top 12"]
[Site "Chartres"]
[Date "2017.05.25"]
[Round "8.7"]
[White "Rodon, Gurvan"]
[Black "Pile, Richard"]
[Result "0-1"]
[WhiteElo "2047"]
[BlackElo "2391"]
[PlyCount "134"]
[EventDate "2017.05.18"]
[EventType "team-tourn"]
[EventRounds "11"]
[EventCountry "FRA"]
[SourceTitle "CBM 178 Extra"]
[Source "ChessBase"]
[SourceDate "2017.06.22"]
[SourceVersion "1"]
[SourceVersionDate "2017.06.22"]
[SourceQuality "1"]
[WhiteTeam "Lisieux"]
[BlackTeam "Grasse Echecs"]
[WhiteTeamCountry "FRA"]
[BlackTeamCountry "FRA"]

1. d4 Nf6 2. c4 e6 3. Nf3 b6 4. a3 Bb7 5. Nc3 d5 6. cxd5 exd5 7. g3 Be7 8. Bh3 0-0 9. 0-0 c5 10. Ne5 Nc6 11. Nxc6 Bxc6 12. Be3 h6 13. Rc1 c4 14. Qd2 Re8 15. f3 b5 16. Bf5 a5 17. Bb1 b4 18. axb4 axb4 19. Nd1 Bb5 20. Rf2 Nh7 21. g4 Ra6 22. Rg2 Re6 23. Bf5 Rxe3 24. Nxe3 Bg5 25. Bxh7+ Kh8 26. Be4 dxe4 27. f4 Bxf4 28. Rf1 Qg5 29. Rxf4 Qxf4 30. Rf2 Qc7 31. Qxb4 Rb8 32. Nf5 Ba6 33. Qd2 Qb6 34. e3 Bc8 35. Ng3 Bxg4 36. Nxe4 Qg6 37. Ng3 Rb3 38. Qc2 Rxe3 39. Qxg6 fxg6 40. Rd2 Kg8 41. Kf2 Rf3+ 42. Kg2 Rb3 43. h3 Bf3+ 44. Kf2 Bd5 45. Nf1 Rxh3 46. Ne3 Rh2+ 47. Ke1 Rxd2 48. Kxd2 Bf7 49. d5 h5 50. Kc3 h4 51. Kxc4 h3 52. Ng4 Kf8 53. Kc5 Ke7 54. Kc6 Kd8 55. b4 Be8+ 56. Kc5 Bd7 57. Nf2 h2 58. b5 Kc7 59. d6+ Kb7 60. Nh1 Bh3 61. Nf2 Kc8 62. b6 Bg2 63. Kb5 Kd7 64. Ka6 h1Q 65. Nxh1 Bxh1 66. b7 Bxb7+ 67. Kxb7 Kxd6 0-1